Bookmarking the oasis / (Record no. 142030)

MARC details
000 -LEADER
fixed length control field 00530nam a22001817a 4500
005 - DATE AND TIME OF LATEST TRANSACTION
control field 20170627150840.0
010 ## - LCCN (DPL NO)
LC control number ENG-118957
020 ## - INTERNATIONAL STANDARD BOOK NUMBER
International Standard Book Number 9789382949295
Terms of availability 250.00
035 ## - SYSTEM CONTROL NUMBER
System control number EN-102489
037 ## - SOURCE OF ACQUISITION
Source of stock number/acquisition DBAD/PUB
082 ## - DEWEY DECIMAL CLASSIFICATION NUMBER
Classification number 881
100 ## - MAIN ENTRY--PERSONAL NAME
Personal name Srilata, K.
245 ## - TITLE STATEMENT
Title Bookmarking the oasis /
Statement of responsibility, etc by K. Srilata
260 ## - PUBLICATION, DISTRIBUTION, ETC. (IMPRINT)
Place of publication, distribution, etc Mumbai
Name of publisher, distributor, etc Paperwall Media & Publishing
Date of publication, distribution, etc 2015
270 ## - ADDRESS
Address D-1201, Octacrest, Lokhandwala Township, Kandivali (East) Mumbai-400101
300 ## - PHYSICAL DESCRIPTION
Extent xv,71p
942 ## - ADDED ENTRY ELEMENTS (KOHA)
Source of classification or shelving scheme Dewey Decimal Classification
Item type English Books
Classification part 881
Call number suffix SRI
Holdings
Withdrawn status Lost status Not for loan Collection code Home library Current library Date acquired Source of acquisition Cost, normal purchase price Full call number Barcode Copy number Cost, replacement price Koha item type
      Non-fiction Shahdara Branch Shahdara Branch 27/06/2017 DBAD/PUB 250.00 881 SRI EN-102489 1 250.00 English Books

© Delhi Public Library
Hit Counter
free hit counter